| 000 | 00752cam a2200229 a 4500 | ||
|---|---|---|---|
| 001 | 000010077 | ||
| 005 | 20200929161831.0 | ||
| 008 | 990705s1991 sp 001 p spa | ||
| 020 | _a8475222501 | ||
| 040 |
_aDO-SdBNP _dBNPHU |
||
| 082 |
_a861.64 _bA887p, 1991 |
||
| 100 | 1 |
_aAtxaga, Bernardo. _q(José Irazu Garmendia) _d1951- _925057 |
|
| 245 | 1 | 0 |
_aPoemas & híbridos : _bselección y versiones del propio autor 1974-1989 / _cBernardo Atxaga. |
| 250 | _a2a ed. | ||
| 260 |
_aMadrid : _bVisor Libros, _c1991. |
||
| 300 |
_a119 p. ; _c19 cm. |
||
| 490 | 1 |
_aVisor de Poesía _v250 |
|
| 650 | 4 |
_aPoesía española _9631 |
|
| 650 | 4 |
_aLiteratura española _ySIGLO XX _93326 |
|
| 830 | 0 |
_aVisor de Poesía ; _v250 _913366 |
|
| 910 | _aCatalogación derivada | ||
| 999 |
_c9836 _d9836 |
||